000 01237nam a2200313 4500
003 EG-GICUC
005 20260121101526.0
008 251220s1998 ua ||||fr|||| 001 0 ara d
017 _a19988715
020 _a9771963481
040 _a EG-GICUC
_bara
_c EG-GICUC
_d EG-GICUC
_erda
041 _aara
082 0 4 _221
_a341.851
_bم ح . م
092 0 4 _221
099 _aLaw1 12 341.851 م ح . م 1998
100 0 _aمحي الدين إسماعيل علم الدين
_eمؤلف.
245 1 0 _aمنصة التحكيم التجاري الدولي :
_nالجزء الثاني،
_pالتحكيم متعدد الاطراف /
_cمحي الدين إسماعيل علم الدين.
264 _a[مكان النشر غير محدد] :
_b[اسم الناشر غير محدد],
_c1998.
300 _a97 ؛ صفحة
_c24 سم.
336 _2rda content
_atext
337 _2rda media
_aComputer
338 _2rda carrier
_aOnline Resource
546 _aالنص أغلبه باللغة العربية مع بعض النصوص الإنجليزية
650 1 4 _aالتحكيم
_xقانون دولي
651 1 _2qrmak
856 4 0 _uhttps://fll.law.cu.edu.eg/fulltext/bks/B12-01667.pdf
905 _a75
_eYara
942 _2ddc
_n0
_cBK
_e21
999 _c51797
_d51797